000 00675cam a2200217 a 4500
001 3055597
005 20180208031140.0
008 970414s1997 dcu 000 0 eng
010 _a 96061877
020 _a1879537281
040 _aDLC
_cDLC
_dDLC
041 _aeng
080 _a362.7120
082 0 0 _a362.7120 KOR
_221
100 1 _a46
101 _aEDU
245 1 2 _aA trainer's guide to caring for preschool children /
_cDerry G. Koralek, Debra D. Al-Salam, Diane Trister Dodge.
906 _a7
_bcbc
_corignew
_d2
_eopcn
_f19
_gy-gencatlg
942 _2ddc
_cBK
999 _c42047
_d42047